Family Nursing : (Record no. 14824)
[ view plain ]
| 000 -LEADER | |
|---|---|
| fixed length control field | 01382cam a22003494a 4500 |
| 001 - CONTROL NUMBER | |
| control field | 12695207 |
| 005 - DATE AND TIME OF LATEST TRANSACTION | |
| control field | 20021015200904.0 |
| 008 - FIXED-LENGTH DATA ELEMENTS--GENERAL INFORMATION | |
| fixed length control field | 020307s2003 njua b 001 0 eng |
| 010 ## - LIBRARY OF CONGRESS CONTROL NUMBER | |
| LC control number | 2002025198 |
| 020 ## - INTERNATIONAL STANDARD BOOK NUMBER | |
| International Standard Book Number | 0130608246 |
| 020 ## - INTERNATIONAL STANDARD BOOK NUMBER | |
| International Standard Book Number | 9780130608246 |
| 035 ## - SYSTEM CONTROL NUMBER | |
| System control number | (DNLM)101140158 |
| 040 ## - CATALOGING SOURCE | |
| Original cataloging agency | DNLM/DLC |
| Transcribing agency | DLC |
| Modifying agency | DLC |
| 042 ## - AUTHENTICATION CODE | |
| Authentication code | pcc |
| 050 00 - LIBRARY OF CONGRESS CALL NUMBER | |
| Classification number | RT120.F34 |
| Item number | F75 2003 |
| 060 10 - NATIONAL LIBRARY OF MEDICINE CALL NUMBER | |
| Classification number | WY 18.2 |
| Item number | F911f 2003 |
| 082 00 - DEWEY DECIMAL CLASSIFICATION NUMBER | |
| Classification number | 610.73 |
| Edition number | 21 |
| Item number | FRI |
| 100 1# - MAIN ENTRY--PERSONAL NAME | |
| Personal name | Friedman, Marilyn M. |
| 9 (RLIN) | 21057 |
| 245 10 - TITLE STATEMENT | |
| Title | Family Nursing : |
| Remainder of title | Research, Theory & Practice / |
| Statement of responsibility, etc | Marilyn M. Friedman, Vicky R. Bowden, Elaine G. Jones. |
| 250 ## - EDITION STATEMENT | |
| Edition statement | 5th ed. |
| 260 ## - PUBLICATION, DISTRIBUTION, ETC. (IMPRINT) | |
| Place of publication, distribution, etc | Upper Saddle River, N.J. : |
| Name of publisher, distributor, etc | Prentice Hall, 2003 |
| Date of publication, distribution, etc | c2003. |
| 300 ## - PHYSICAL DESCRIPTION | |
| Extent | xxii, 714 p. : |
| Other physical details | ill. ; |
| Dimensions | 24 cm. |
| 504 ## - BIBLIOGRAPHY, ETC. NOTE | |
| Bibliography, etc | Includes bibliographical references (p. 655-702) and index. |
| 541 ## - IMMEDIATE SOURCE OF ACQUISITION NOTE | |
| Source of acquisition | Dr. Chehrazad Ghazi ; |
| 650 #0 - SUBJECT ADDED ENTRY--TOPICAL TERM | |
| Topical term or geographic name as entry element | Family nursing. |
| 9 (RLIN) | 21058 |
| 650 12 - SUBJECT ADDED ENTRY--TOPICAL TERM | |
| Topical term or geographic name as entry element | Family Nursing |
| Form subdivision | Programmed Instruction. |
| 9 (RLIN) | 21059 |
| 700 1# - ADDED ENTRY--PERSONAL NAME | |
| Personal name | Bowden, Vicky R. |
| 9 (RLIN) | 21060 |
| 700 1# - ADDED ENTRY--PERSONAL NAME | |
| Personal name | Jones, Elaine, |
| Titles and other words associated with a name | Ph. D. |
| 9 (RLIN) | 21061 |
| 942 ## - ADDED ENTRY ELEMENTS (KOHA) | |
| Source of classification or shelving scheme | Dewey Decimal Classification |
| Item type | |
| Withdrawn status | Item status | Source of classification or shelving scheme | Damaged status | Not for loan | Vendor | Home library | Current library | Shelving location | Date acquired | Source of acquisition | Total Checkouts | Full call number | Barcode | Date last seen | Date last borrowed | Koha item type |
|---|---|---|---|---|---|---|---|---|---|---|---|---|---|---|---|---|
| Dewey Decimal Classification | Central Library | Central Library | First floor | 08/11/2010 | Donation | 2 | 610.73 FRI | 000022535 | 15/07/2025 | 18/04/2013 | Book - Borrowing |